KOHA-Header-6

The Prince and The Pauper (Record no. 9060)

000 -LEADER
fixed length control field 00238nam a2200109Ia 4500
020 ## - INTERNATIONAL STANDARD BOOK NUMBER
ISBN 9781854712967
100 ## - MAIN ENTRY--AUTHOR NAME
Personal name Mark Twain
245 #4 - TITLE STATEMENT
Title The Prince and The Pauper
260 ## - PUBLICATION, DISTRIBUTION, ETC. (IMPRINT)
Place of publication New Delhi
Name of publisher Bantam Books
Year of publication 1995
300 ## - PHYSICAL DESCRIPTION
Number of Pages 428
942 ## - ADDED ENTRY ELEMENTS (KOHA)
Koha item type Books
Holdings
Withdrawn status Lost status Collection code Permanent Location Current Location Shelving location Date acquired Full call number Accession Number Koha item type
      MAJU MAJU Shelf No.A23 2019-09-14 1.64 4367 English Literature

Powered by Koha